Coldest Cities in Africa - Statistics

General Stats
  • This quiz has been taken 92 times
  • The average score is 15 of 21
Answer Stats
Answer % Correct
Cape Town
99%
Johannesburg
96%
Casablanca
85%
Algiers
84%
Rabat
84%
Tunis
84%
Nairobi
78%
Addis Ababa
77%
Harare
77%
Alexandria
74%
Tripoli
73%
Marrakesh
69%
Fes
68%
Lusaka
66%
Antananarivo
58%
Oran
58%
Port Elizabeth
58%
Tangier
55%
Lilongwe
45%
Agadir
43%
Sousse
23%
No matching quizzes found
Score Distribution
Percent of People with Each Score
Percentile by Number Answered
Your Score History
You have not taken this quiz